Talent abroad <a> review of German emigrants

Guardado en:
Detalles Bibliográficos
Formato: Libro
Lenguaje:inglés
Publicado: Paris OECD 2015
Materias:
Etiquetas: Agregar Etiqueta
Sin Etiquetas, Sea el primero en etiquetar este registro!

MARC

LEADER 00000nam a2200000 4500
001 0210690
005 20240314123541.1
020 |a 978-92-64-23169-6 
041 0 |a eng 
044 |a FR 
245 1 0 |a Talent abroad  |b <a> review of German emigrants 
264 1 |a Paris  |b OECD  |c 2015 
300 |a 144 s. 
610 2 0 |a emigrácia 
610 2 0 |a trh práce 
610 2 0 |a zamestnanie 
610 2 0 |a kariéra 
610 2 0 |a výskum 
610 2 0 |a analýzy 
610 2 0 |a údaje štatistické 
610 2 0 |a porovnanie medzinárodné 
610 2 0 |a národnosti 
610 2 0 |a Nemecko